| 000 | 01165nac a22003251u 4500 | ||
|---|---|---|---|
| 010 | _a 97025789 | ||
| 020 | _a0443055734 | ||
| 082 | 0 | 0 |
_a617.9 _bK9637 |
| 090 |
_c4208 _d4208 |
||
| 100 | _aKumar, Bakul. | ||
| 245 | 1 | 0 |
_aWorking in the operating department / _cBakul Kumar ; foreword by Peter Hutton. |
| 250 | _a2nd ed. | ||
| 260 |
_aNew York : _bChurchill Livingstone, _c1998. |
||
| 300 |
_a317 p. : _bill. ; _c25 cm. |
||
| 500 | _aRev. ed. of: Working in the operating theatre. 1990. | ||
| 504 | _aIncludes bibliographical references and index. | ||
| 650 | 0 | _aAnesthesiology. | |
| 650 | 0 | _aSurgery. | |
| 650 | 0 | _aMedical sciences. | |
| 650 | 0 |
_aAnesthesiology _xExaminations, questions, etc. |
|
| 650 | 0 |
_aSurgery _xExaminations, questions, etc. |
|
| 650 | 0 |
_aMedical sciences _xExaminations, questions, etc. |
|
| 650 | 0 | _aAnesthesiology. | |
| 650 | 0 | _aSurgery. | |
| 650 | 0 | _aBiological Sciences. | |
| 650 | 0 | _aOperating Room Nursing. | |
| 700 | 1 | _aKumar, Bakul. | |
| 942 |
_cBB _k617.9K9637 |
||
| 999 |
_c4208 _d4208 |
||